000 00648nam a2200205Ia 4500
003 GCL
008 140319s9999 xx 000 0 eng d
040 _aGCL /
_cGCL
082 0 4 _a658.802
_bG U
100 1 _aGLYNN, WILLIAM J
245 1 0 _aUNDERSTANDING SERVICES MANAGEMENT: INTERGRATING MARKETING ORGANIZATIONAL BEHAVIOUR OPERATIONS AND HUMAN RESOURCE MANAGEMENT /
_cGLYNN, WILLIAM J
700 1 _aBARNES, JAMES G
260 _a[S.N] :
_bJOHN WILEY AND SONS. INC ،
_c1995
300 _a485 P
650 0 4 _aMANAGEMENT
650 0 4 _aMARKETING
650 0 4 _aMARKETING - MANAGEMENT
650 0 4 _aORGANIZATIONAL MANAGEMENT
942 _2ddc
_cBK
999 _c13889
_d13889